00332 2200133 4500001002100000005001500021035002000036245006200056100003000118300001200148260001500160082001100175990001200186INLIS00000000000220020250527012659 a0010-05250004921 aIstri-istri Putri Rosulullah /cMahmud Mahdi Al-Istambuli0 aMahmud Mahdi Al-Istambuli a248 hlm bIBS,c2003 a297.64 a0712696